Corot
Αποθηκεύτηκε σε:
| Κύριος συγγραφέας: | |
|---|---|
| Μορφή: | Βιβλίο |
| Γλώσσα: | Ισπανικά |
| Έκδοση: |
Madrid
Casimiro Libros
2013
|
| Έκδοση: | 1a. ed |
| Θέματα: | |
| Ετικέτες: |
Προσθήκη ετικέτας
Δεν υπάρχουν, Καταχωρήστε ετικέτα πρώτοι!
|
MARC
| LEADER | 00000cam a2200000 a 4500 | ||
|---|---|---|---|
| 001 | UCD8554 | ||
| 003 | CL-VaPUC | ||
| 008 | 170519e20130000sp |||||||||||||||||spa|d | ||
| 020 | |a 9788415715108 | ||
| 082 | 0 | 4 | |a 759.05 |b BAU |2 21 |
| 100 | 0 | |a Baudelaire, Charles Pierre |e author |9 265454 | |
| 245 | 1 | 0 | |a Corot |
| 250 | |a 1a. ed | ||
| 300 | |a 70 p | ||
| 942 | |c BK | ||
| 945 | |d 20170519 15:42:00 |a dcastane | ||
| 260 | |a Madrid |b Casimiro Libros |c 2013 | ||
| 600 | 0 | 7 | |a COROT, JEAN BAPTISTE CAMILLE |2 CL-VaPUC |9 266130 |
| 650 | 0 | |a Pintores franceses |9 340354 | |
| 650 | 7 | |a PINTURA MODERNA SIGLO 19 |2 CL-VaPUC |9 592080 | |
| 650 | 0 | |a Pintura francesa |9 266122 | |
| 650 | 0 | |a Paisajismo |9 269021 | |
| 583 | |a last modification |c 20190730 12:22:54 |k Rodrigo Vera | ||
| 999 | |c 367936 |d 367934 | ||
| 952 | |0 0 |1 0 |3 erb |4 0 |6 759_050000000000000_BAU_2013 |7 0 |8 A |9 483156 |a BIBART |b BIBART |i 5376017 |o 759.05 BAU 2013 |p 5376017 |r 2025-03-13 |w 2019-11-24 |y BK |z Catalogado en:20170519 |k ART | ||